• 首页
  • 本馆介绍
  • 公告通知
  • 最新文献
  • 馆藏检索
  • 电子资源
  • 读者导购
  • 参考咨询
  • 我的图书馆
  • 登录
  • 详细信息显示
  • 放入我的书架
  • 预约/预借图书
  • 作者相关作品
  • 分类相关作品
  • 丛书相关作品
  • 出版社相关作品

书目信息

  • 表格格式
  • 工作单格式
  • 卡片格式
题名:
光电子学导论
    
 
作者: 雅里夫 , Yariv 4著 ;李宗琦 译
分册:  
出版信息: 北京   科学出版社  1983
页数: 448页
开本: 21cm
丛书名:
单 册:
中图分类: TN201 , TN2
科图分类:
主题词: 光电子学--理论 , 光电子技术 , 激光技术
电子资源:
ISBN:
000 00910nam0 2200325 45
001 0183000421
005 20040519174721.2
010    @dCNY2.65
091    @a13031.2127
100    @a19950725d1983 em y0chiy0121 ea
101 1  @achi@ceng
102    @aCN@b110000
105    @ay z 000yy
106    @ar
200 10 @a光电子学导论@Aguang dian zi xue dao lun@f(美)雅里夫(A.Yariv)著@g李宗琦译
210    @a北京@c科学出版社@d1983
215    @a448页@d21cm
300    @a书名原文:Introduction to optical electronics
510 1  @aIntroduction to optical electronics@zeng
606    @a光电子学@x理论
606 0  @a光电子技术
606 0  @a激光技术
690    @aTN201@v3 
690    @aTN2
701  1 @a雅里夫@Aya li fu@bA.@44著
701 A1 @aYariv@bA.@4著
702  0 @a李宗琦@Ali zong qi@4译
801  0 @aCN@b上海图书馆@c20040519
801  2 @aCN@bNLC@c20040519
905    @f2@b80974-975@dTN2@e20
    
    光电子学导论/(美)雅里夫(A.Yariv)著/李宗琦译.-北京:科学出版社,1983
    448页;21cm
    书名原文:Introduction to optical electronics
    
    ISBN :CNY2.65
    
●
相关链接 在E读中查询图书 在五车中查询图书 在当当中查询图书 在豆瓣中查询图书


正题名:光电子学导论     索取号:TN2/20         预约/预借

序号 登录号 条形码 馆藏地/架位号 状态 备注
1 0080974   001351165   密集书库/ [索取号:TN2/20] 在馆    
2 0080975   001350255   第三借阅区/ [索取号:TN2/20] 在馆    
3 0080976   001351209   第二样本阅览室/ [索取号:TN2/20] 在馆    
唐山师范学院图书馆 欢迎您!
大连网信软件有限公司© 版权所有